Normal view
MARC view
- COMPUTER HANDBOOK MANUALS PROGRAMMING ELECTRONIC COMPUTER HANDBOOK PROGRAMMING LANGUAGES ELECTRONIC COMPUTER HANDBOOK MANUALS
Entry Topical Term
001 - CONTROL NUMBER
- control field: 75013
003 - CONTROL NUMBER IDENTIFIER
- control field: NUST
005 - DATE AND TIME OF LATEST TRANSACTION
- control field: 20210628205332.0
008 - FIXED-LENGTH DATA ELEMENTS
- fixed length control field: 210628|| aca||aabn | a|a d
040 ## - CATALOGING SOURCE
- Original cataloging agency: NUST
- Transcribing agency: NUST
150 ## - HEADING--TOPICAL TERM
- Topical term or geographic name entry element: COMPUTER HANDBOOK MANUALS PROGRAMMING ELECTRONIC COMPUTER HANDBOOK PROGRAMMING LANGUAGES ELECTRONIC COMPUTER HANDBOOK MANUALS
670 ## - SOURCE DATA FOUND
- Source citation: Work cat.: (NUST): Osbome, Adam Helms, Hbartee, T. C 75012, The mcgraw hill computer handbook applications concepts hardware software, 1983
